|
|
|
|
| LEADER |
01113nam a2200289 i 4500 |
| 001 |
c000383941 |
| 003 |
CARM |
| 005 |
00000000000000.0 |
| 008 |
751208r1977 pau 00010 eng |
| 019 |
1 |
|
|a 245780
|5 LACONCORD2021
|
| 020 |
|
|
|a 0883058413 :
|c $5.00
|
| 035 |
|
|
|a (OCoLC)3103454
|5 LACONCORD2021
|
| 040 |
|
|
|a VDU
|c VDU
|
| 050 |
0 |
0 |
|a B3614.C74
|b B6 1975
|
| 082 |
0 |
4 |
|a 111.85
|
| 100 |
1 |
|
|a Bosanquet, Bernard,
|d 1848-1923.
|
| 245 |
1 |
0 |
|a Croce's aesthetic /
|c by Bernard Bosanquet.
|
| 260 |
|
|
|a Norwood, Pa. :
|b Norwood Editions,
|c 1977.
|
| 300 |
|
|
|a 28 p. ;
|c 26 cm.
|
| 500 |
|
|
|a "Communicated December 10, 1919."
|
| 500 |
|
|
|a Reprint of the ed. published for the British Academy by H. Milford, Oxford University Press, London.
|
| 600 |
1 |
0 |
|a Croce, Benedetto,
|d 1866-1952
|x Aesthetics.
|
| 650 |
|
0 |
|a Aesthetics, Italian
|y 20th century.
|
| 710 |
2 |
|
|a British Academy.
|
| 852 |
8 |
|
|b CARM
|h A3:AI13E0
|i C12534
|p 0480359
|f BK
|
| 999 |
f |
f |
|i d8897cbc-7f0b-5b28-8f64-4d677ad2e838
|s d4004af7-bee1-5ca5-aa4e-2006e7d5045b
|
| 952 |
f |
f |
|p Can circulate
|a CAVAL
|b CAVAL
|c CAVAL
|d CARM 1 Store
|e C12534
|f A3:AI13E0
|h Other scheme
|i book
|m 0480359
|